| 000 | 00350nam a2200145Ia 4500 | ||
|---|---|---|---|
| 008 | 150201s2009 xx 000 0 und d | ||
| 082 |
_a616.01 _bM09A |
||
| 100 | _aANANATHANARAYAN | ||
| 245 | _aTB. OF MICROBIOLOGY | ||
| 250 | _a8TH | ||
| 260 |
_bUNIVERSITY PRESS _aHYDRABAD _c2009 |
||
| 300 | _a1-746 | ||
| 650 | _aMICROBIOLOGY | ||
| 942 |
_2ddc _cBK _0114 |
||
| 999 |
_c272 _d272 |
||